| 000 | 00368cam a2200145ua 4500 | ||
|---|---|---|---|
| 041 |
_aeng _h |
||
| 082 |
_a821 _bSIT/FA |
||
| 100 | _aSitwell, Edith . | ||
| 245 |
_aFacade and other poems / _cEdith Sitwell. _hTextual Documents |
||
| 260 |
_aLondon : _bGerald Duckworth and Co. Ltd. , _c1957. |
||
| 300 | _a212 ; . | ||
| 504 | _a | ||
| 942 | _cBK | ||
| 999 |
_c5127 _d5127 |
||